[Event "FRA-chT2A 0506"]
[Site "France"]
[Date "2006.04.01"]
[Round "10.7"]
[White "Briquet, Jean Pierre"]
[Black "Loukachev, Nikita"]
[Result "1-0"]
[WhiteElo "2049"]
[BlackElo "1999"]
[PlyCount "65"]
[EventDate "2005.10.27"]
[EventType "team-tourn"]
[EventRounds "11"]
[EventCountry "FRA"]
[SourceTitle "EXT 2006"]
[Source "ChessBase"]
[SourceDate "2005.11.24"]
[SourceVersion "1"]
[SourceVersionDate "2005.11.24"]
[SourceQuality "1"]
[WhiteTeam "Tours"]
[BlackTeam "Clermont Ferrand"]
[WhiteTeamCountry "FRA"]
[BlackTeamCountry "FRA"]

1. d4 d6 2. Nf3 Nd7 3. c4 e5 4. dxe5 dxe5 5. Nc3 Ngf6 6. Bg5 Be7 7. e3 0-0 8. Be2 c6 9. 0-0 Qc7 10. Qc2 Re8 11. Rad1 a5 12. Bd3 g6 13. Nd2 Nc5 14. Bxf6 Bxf6 15. Nde4 Be7 16. Nxc5 Bxc5 17. Ne4 Qe7 18. Nxc5 Qxc5 19. Rd2 Kg7 20. Rfd1 Be6 21. Be2 f5 22. Qc3 Kf7 23. h3 Ke7 24. Kh1 Rf8 25. f4 e4 26. Rd4 Kf7 27. Qd2 Rfe8 28. b3 Qe7 29. Qc3 Qc7 30. c5 Rad8 31. Bc4 Ke7 32. Rd6 Kf7 33. Bxe6+ 1-0

[Event "FRA-ch op-B"]
[Site "Val d'Isere"]
[Date "2004.08.??"]
[Round "9"]
[White "Dupitier, Mickael"]
[Black "Loukachev, Nikita"]
[Result "1-0"]
[WhiteElo "1860"]
[BlackElo "1750"]
[PlyCount "21"]
[EventDate "2004.08.16"]
[EventType "swiss"]
[EventRounds "9"]
[EventCountry "FRA"]
[SourceTitle "EXT 2005"]
[Source "ChessBase"]
[SourceDate "2004.11.15"]
[SourceVersion "1"]
[SourceVersionDate "2004.11.15"]
[SourceQuality "1"]

1. e4 c5 2. Nc3 Nc6 3. f4 g6 4. Nf3 e6 5. Bc4 Bg7 6. 0-0 Nge7 7. d3 0-0 8. f5 exf5 9. Qe1 Nd4 10. Qh4 fxe4 11. Ng5 1-0